00309nam a2200121Ia 4500008004100000041001200041082001600053100001500069245004400084260003200128300000800160650001900168221030s9999 xx 000 0 und d aEnglish a105.23bBal aN. P. Bali 0aGolden Integral Calculuscby N. P. Bali bLaxmi Pub,aNew Delhic2000 a731 aBE Mathematics